Denný vymeriavací základ a úrazové dávky

Bibliographic Details
Main Author: Pipová, Blanka (Author)
Format: Article
Language:Slovak
Subjects:

MARC

LEADER 00000nab a2200000 ar4500
001 vtls008954823
003 SK-MaSNL
005 20260303070331.0
008 070313c2007 xo mr|p|||||||000 b|slo
015 |a SNBRB2007/03  |2 snkbucl 
038 |a SNKBUCL 
040 |a SNKBUCL  |b slo  |c SNKBUCL  |e AACR2 
041 0 |a slo 
044 |a xo  |c SK 
080 |a 364.322-646:336.225.621  |2 2001 
080 |a 336.225.621  |2 2001 
100 1 |a Pipová, Blanka  |4 aut  |9 858138 
245 1 0 |a Denný vymeriavací základ a úrazové dávky  |c Blanka Pipová 
650 0 7 |a úrazové poistenie  |2 SNKPH  |9 29228 
650 0 7 |a úrazová renta  |2 SNKPH  |9 29229 
650 0 7 |a denný vymeriavací základ  |2 snkbucl  |9 1067636 
773 0 |t Národné poistenie  |g Roč. XXXIX, č. 2 (2007), s. 5-7  |x 1335-4795 
852 |a SNK  |b KIS3GCP 
999 |c 1754913  |d 1756843